| 000 | 00924nam a22002417a 4500 | ||
|---|---|---|---|
| 008 | 240620b mp ||||| |||| 00| 0 mon d | ||
| 020 | _a978-99973-1-794-0 | ||
| 035 | _a20828 | ||
| 040 |
_aUM0146080 _bmon _cMN-UlNLM _dMN-UlNLM _erda |
||
| 041 | _amon | ||
| 042 | _a80913 | ||
| 084 |
_2NNA _a84/4Гер/ _bК986 |
||
| 100 | _aКэстнер Э | ||
| 245 | 0 | _aЛотте Луизе хоёр | |
| 264 |
_aУлаанбаатар _bМон судар ХГ _c2019 |
||
| 300 | _a188х. | ||
| 336 |
_2rdacontent _atext _btxt |
||
| 337 |
_2rdamedia _aunmediated _bn |
||
| 338 |
_2rdacarrier _avolume _bnc |
||
| 650 | _aНэрт зохиолч, яруу найрагч Эрих Кэстнер нь 1960 онд бага насныхаа намтар зохиолоор Ханс Кристиан Андерсений шагналыг хүртсэн бөг... | ||
| 942 |
_2NNA _cBK |
||
| 999 |
_c1054576 _d1054633 |
||